[Event "EYCC 2024 - G16"]
[Site "?"]
[Date "2024.08.22"]
[Round "1.8"]
[White "Almeida, Marta Dias"]
[Black "Li Chen, Helena Joana"]
[Result "0-1"]
[BlackElo "2057"]
[WhiteElo "1807"]
[LiveChessVersion "1.4.8"]

1. d4 {[%clk 1:30:58]} f5 {[%clk 1:30:56]} 2. Nc3 {[%clk 1:31:00]} Nf6
{[%clk 1:31:19]} 3. Bg5 {[%clk 1:31:09]} d5 {[%clk 1:31:41]} 4. Bxf6
{[%clk 1:31:07]} exf6 {[%clk 1:32:06]} 5. e3 {[%clk 1:31:19]} Be6
{[%clk 1:32:30]} 6. Bd3 {[%clk 1:31:23]} Nc6 {[%clk 1:32:23]} 7. Qf3
{[%clk 1:29:10]} Qd7 {[%clk 1:32:43]} 8. a3 {[%clk 1:28:10]} g5 {[%clk 1:29:33]}
9. h3 {[%clk 1:18:56]} O-O-O {[%clk 1:28:19]} 10. Nge2 {[%clk 1:13:04]} Kb8
{[%clk 1:27:19]} 11. b3 {[%clk 1:10:36]} h5 {[%clk 1:24:08]} 12. h4
{[%clk 1:04:26]} f4 {[%clk 1:07:27]} 13. exf4 {[%clk 0:53:11]} Bg4
{[%clk 1:07:30]} 14. Qg3 {[%clk 0:50:24]} Re8 {[%clk 1:06:53]} 15. f3
{[%clk 0:42:33]} gxf4 {[%clk 1:05:28]} 16. Qf2 {[%clk 0:37:40]} Bf5
{[%clk 1:04:48]} 17. Bxf5 {[%clk 0:35:26]} Qxf5 {[%clk 1:05:12]} 18. Ra2
{[%clk 0:30:07]} Rh7 {[%clk 1:00:35]} 19. O-O {[%clk 0:28:07]} Rhe7
{[%clk 1:00:52]} 20. Nc1 {[%clk 0:20:29]} Re3 {[%clk 0:59:59]} 21. Nd1
{[%clk 0:17:54]} Nxd4 {[%clk 0:59:44]} 22. c3 {[%clk 0:16:28]} Ne6
{[%clk 0:59:28]} 23. Nxe3 {[%clk 0:15:06]} fxe3 {[%clk 0:59:52]} 24. Qc2
{[%clk 0:13:03]} Qe5 {[%clk 0:59:16]} 25. Ne2 {[%clk 0:12:38]} Nf4
{[%clk 0:56:56]} 26. Nxf4 {[%clk 0:09:27]} Qxf4 {[%clk 0:57:19]} 27. Qg6
{[%clk 0:07:46]} Rd8 {[%clk 0:57:17]} 28. g3 {[%clk 0:06:52]} Qe5
{[%clk 0:57:42]} 29. Rc2 {[%clk 0:05:08]} Bd6 {[%clk 0:54:50]} 30. f4
{[%clk 0:04:33]} Qe6 {[%clk 0:55:15]} 31. Qxh5 {[%clk 0:03:48]} c5
{[%clk 0:54:27]} 32. b4 {[%clk 0:02:37]} f5 {[%clk 0:51:03]} 33. Qe2
{[%clk 0:02:21]} Qe4 {[%clk 0:47:05]} 34. Rd1 {[%clk 0:01:45]} Bxf4
{[%clk 0:43:53]} 35. Qg2 {[%clk 0:01:07]} Bxg3 {[%clk 0:42:25]} 36. Qxg3+
{[%clk 0:00:55]} f4 {[%clk 0:42:55]} 37. Qh2 {[%clk 0:00:40]} Ka8
{[%clk 0:42:04]} 38. bxc5 {[%clk 0:00:43]} f3 {[%clk 0:41:59]} 39. Rb2
{[%clk 0:00:33]} Rg8+ {[%clk 0:41:59]} 40. Kf1 {[%clk 0:00:48]} Qc4+
{[%clk 0:42:02]} 41. Ke1 {[%clk 0:00:56]} Qxc3+ {[%clk 0:41:12]} 42. Rbd2
{[%clk 0:00:48]} exd2+ {[%clk 0:41:20]} 43. Rxd2 {[%clk 0:00:39]} Qc1+
{[%clk 0:41:40]} 44. Rd1 {[%clk 0:01:00]} Qe3+ {[%clk 0:41:55]} 45. Kf1
{[%clk 0:01:21]} Rg1+ {[%clk 0:42:19]} 0-1

[Event "EYCC 2024 - G16"]
[Site "?"]
[Date "2024.08.22"]
[Round "1.9"]
[White "Trunz, Michelle"]
[Black "Recica, Jona"]
[Result "1-0"]
[BlackElo "1791"]
[WhiteElo "2055"]
[LiveChessVersion "1.4.8"]

1. d4 {[%clk 1:30:59]} d5 {[%clk 1:30:55]} 2. c4 {[%clk 1:31:25]} dxc4
{[%clk 1:31:21]} 3. e3 {[%clk 1:31:49]} e5 {[%clk 1:31:44]} 4. Bxc4
{[%clk 1:28:21]} exd4 {[%clk 1:31:33]} 5. exd4 {[%clk 1:28:21]} Bb4+
{[%clk 1:30:47]} 6. Nc3 {[%clk 1:27:55]} Qe7+ {[%clk 1:29:48]} 7. Nge2
{[%clk 1:27:22]} Nf6 {[%clk 1:27:46]} 8. O-O {[%clk 1:27:07]} O-O
{[%clk 1:27:14]} 9. Bg5 {[%clk 1:25:22]} Bxc3 {[%clk 1:21:56]} 10. bxc3
{[%clk 1:23:03]} Nbd7 {[%clk 1:19:46]} 11. Ng3 {[%clk 1:20:28]} Qd6
{[%clk 1:16:03]} 12. Nf5 {[%clk 1:17:54]} Qa3 {[%clk 1:10:48]} 13. Qf3
{[%clk 1:17:22]} Qa4 {[%clk 1:04:44]} 14. Bd3 {[%clk 1:10:22]} Qa5
{[%clk 0:59:07]} 15. Bh6 {[%clk 1:05:00]} Ne8 {[%clk 0:26:42]} 16. Bxg7
{[%clk 1:03:10]} Nb6 {[%clk 0:12:24]} 17. Qh5 {[%clk 0:48:37]} Nc4
{[%clk 0:10:31]} 18. Bxf8 {[%clk 0:45:26]} 1-0

[Event "EYCC 2024 - G16"]
[Site "?"]
[Date "2024.08.22"]
[Round "1.10"]
[White "Sikorova, Jana"]
[Black "Szczotka, Klara"]
[Result "0-1"]
[BlackElo "2053"]
[WhiteElo "1790"]
[LiveChessVersion "1.4.8"]

1. d4 {[%clk 1:30:55]} Nf6 {[%clk 1:30:57]} 2. c4 {[%clk 1:31:07]} e6
{[%clk 1:31:24]} 3. Nf3 {[%clk 1:31:24]} b6 {[%clk 1:31:51]} 4. a3
{[%clk 1:31:31]} Bb7 {[%clk 1:32:12]} 5. Nc3 {[%clk 1:31:30]} d5 {[%clk 1:32:27]}
6. Bg5 {[%clk 1:31:16]} Be7 {[%clk 1:32:46]} 7. e3 {[%clk 1:29:43]} Nbd7
{[%clk 1:32:07]} 8. Be2 {[%clk 1:27:43]} dxc4 {[%clk 1:30:26]} 9. Bxc4
{[%clk 1:27:17]} O-O {[%clk 1:30:20]} 10. O-O {[%clk 1:26:49]} c5
{[%clk 1:30:23]} 11. Rc1 {[%clk 1:25:30]} Rc8 {[%clk 1:22:26]} 12. Be2
{[%clk 1:22:12]} cxd4 {[%clk 1:21:07]} 13. Nxd4 {[%clk 1:20:11]} h6
{[%clk 1:16:24]} 14. Bh4 {[%clk 1:18:25]} Nc5 {[%clk 1:08:40]} 15. Bf3
{[%clk 1:14:09]} Ba6 {[%clk 0:49:16]} 16. Be2 {[%clk 1:00:36]} Bb7
{[%clk 0:43:51]} 17. Bf3 {[%clk 0:58:05]} Bxf3 {[%clk 0:44:17]} 18. Nxf3
{[%clk 0:56:45]} Nd3 {[%clk 0:43:30]} 19. Rb1 {[%clk 0:45:55]} Nxb2
{[%clk 0:39:01]} 20. Qxd8 {[%clk 0:42:03]} Rfxd8 {[%clk 0:39:22]} 21. Nb5
{[%clk 0:41:07]} Na4 {[%clk 0:33:29]} 22. Nxa7 {[%clk 0:39:04]} Rc4
{[%clk 0:33:21]} 23. Nb5 {[%clk 0:35:19]} Bc5 {[%clk 0:31:42]} 24. Bg3
{[%clk 0:29:52]} Ne4 {[%clk 0:26:57]} 25. Bc7 {[%clk 0:25:54]} Rd5
{[%clk 0:26:30]} 26. h3 {[%clk 0:23:43]} Rc2 {[%clk 0:25:54]} 27. Rbc1
{[%clk 0:20:18]} Rxf2 {[%clk 0:16:16]} 28. Rfe1 {[%clk 0:12:25]} Rb2
{[%clk 0:12:18]} 29. Nfd4 {[%clk 0:11:10]} Rg5 {[%clk 0:12:09]} 30. Rc2
{[%clk 0:10:22]} Rxc2 {[%clk 0:10:58]} 31. Nxc2 {[%clk 0:10:39]} Nac3
{[%clk 0:10:54]} 32. Ncd4 {[%clk 0:08:39]} Nxb5 {[%clk 0:10:52]} 33. Nxb5
{[%clk 0:08:50]} Nd2 {[%clk 0:10:39]} 34. Kh1 {[%clk 0:07:50]} Bxe3
{[%clk 0:10:25]} 35. Nd6 {[%clk 0:05:52]} Bc5 {[%clk 0:07:52]} 36. Rd1
{[%clk 0:05:10]} Rd5 {[%clk 0:08:05]} 37. Nb5 {[%clk 0:04:59]} Be3
{[%clk 0:07:11]} 38. Nc3 {[%clk 0:04:09]} Rc5 {[%clk 0:05:41]} 39. Bxb6
{[%clk 0:02:45]} Rxc3 {[%clk 0:06:05]} 40. Bxe3 {[%clk 0:03:06]} Rxe3
{[%clk 0:06:32]} 41. Rxd2 {[%clk 0:03:24]} Rxa3 {[%clk 0:07:01]} 42. Rd8+
{[%clk 0:02:57]} Kh7 {[%clk 0:07:26]} 43. Kh2 {[%clk 0:03:06]} Kg6
{[%clk 0:07:50]} 44. Re8 {[%clk 0:03:02]} Re3 {[%clk 0:07:55]} 45. Re7
{[%clk 0:03:03]} Kf6 {[%clk 0:07:54]} 46. Re8 {[%clk 0:03:16]} h5
{[%clk 0:07:57]} 0-1

[Event "EYCC 2024 - G16"]
[Site "?"]
[Date "2024.08.22"]
[Round "1.11"]
[White "Maria, Lia-Alexandra"]
[Black "Dorazilova, Kristyna"]
[Result "1-0"]
[BlackElo "1788"]
[WhiteElo "2046"]
[LiveChessVersion "1.4.8"]

1. e4 {[%clk 1:30:57]} e5 {[%clk 1:30:52]} 2. Nf3 {[%clk 1:31:23]} Nf6
{[%clk 1:31:16]} 3. Nxe5 {[%clk 1:31:48]} d6 {[%clk 1:31:42]} 4. Nf3
{[%clk 1:32:12]} Nxe4 {[%clk 1:32:05]} 5. d4 {[%clk 1:32:38]} d5 {[%clk 1:32:27]}
6. Bd3 {[%clk 1:33:03]} Bd6 {[%clk 1:32:50]} 7. O-O {[%clk 1:33:18]} O-O
{[%clk 1:33:13]} 8. c4 {[%clk 1:33:33]} c6 {[%clk 1:33:37]} 9. Nc3
{[%clk 1:33:40]} Nxc3 {[%clk 1:32:46]} 10. bxc3 {[%clk 1:34:03]} h6
{[%clk 1:28:42]} 11. cxd5 {[%clk 1:33:20]} cxd5 {[%clk 1:29:09]} 12. h3
{[%clk 1:30:54]} Be6 {[%clk 1:26:29]} 13. Re1 {[%clk 1:29:54]} Qc7
{[%clk 1:22:45]} 14. Bd2 {[%clk 1:22:23]} Nd7 {[%clk 1:20:48]} 15. Qc1
{[%clk 1:20:58]} Rfc8 {[%clk 1:07:41]} 16. Bxh6 {[%clk 0:53:25]} Qxc3
{[%clk 1:07:58]} 17. Qg5 {[%clk 0:53:34]} Bf8 {[%clk 1:06:23]} 18. Rad1
{[%clk 0:52:38]} Re8 {[%clk 0:53:36]} 19. Re3 {[%clk 0:47:39]} Qc7
{[%clk 0:48:21]} 20. Nh4 {[%clk 0:44:04]} Qd8 {[%clk 0:46:23]} 21. Qg3
{[%clk 0:41:17]} Nf6 {[%clk 0:32:23]} 22. Re5 {[%clk 0:39:06]} Qb8
{[%clk 0:28:57]} 23. f4 {[%clk 0:36:59]} Rd8 {[%clk 0:24:25]} 24. Rde1
{[%clk 0:30:17]} Qd6 {[%clk 0:22:30]} 25. Nf3 {[%clk 0:14:11]} Qb6
{[%clk 0:19:33]} 26. Rg5 {[%clk 0:09:13]} Kh8 {[%clk 0:17:10]} 27. Rxg7
{[%clk 0:08:30]} Rac8 {[%clk 0:15:22]} 28. Re5 {[%clk 0:07:18]} Rc3
{[%clk 0:14:35]} 29. Rg8+ {[%clk 0:07:06]} Nxg8 {[%clk 0:14:49]} 30. Bxf8
{[%clk 0:07:32]} Bg4 {[%clk 0:11:44]} 31. Rh5+ {[%clk 0:07:52]} Nh6
{[%clk 0:11:56]} 32. Rxh6+ {[%clk 0:08:16]} Qxh6 {[%clk 0:10:50]} 33. Bxh6
{[%clk 0:08:40]} Rxd3 {[%clk 0:11:03]} 34. Qxg4 {[%clk 0:08:23]} Rg8
{[%clk 0:10:51]} 35. Qh5 {[%clk 0:08:49]} 1-0

[Event "EYCC 2024 - G16"]
[Site "?"]
[Date "2024.08.22"]
[Round "1.12"]
[White "Sharova, Elyzaveta"]
[Black "Tsetskhladze, Mariam"]
[Result "0-1"]
[BlackElo "2040"]
[WhiteElo "1765"]
[LiveChessVersion "1.4.8"]

1. Nf3 {[%clk 1:30:49]} d5 {[%clk 1:30:34]} 2. g3 {[%clk 1:30:56]} b6
{[%clk 1:30:44]} 3. Bg2 {[%clk 1:30:38]} Bb7 {[%clk 1:30:58]} 4. O-O
{[%clk 1:30:02]} e6 {[%clk 1:27:35]} 5. c4 {[%clk 1:29:34]} dxc4 {[%clk 1:25:37]}
6. Qa4+ {[%clk 1:24:03]} Nd7 {[%clk 1:24:01]} 7. Qxc4 {[%clk 1:23:01]} Ngf6
{[%clk 1:20:11]} 8. d3 {[%clk 1:19:42]} c5 {[%clk 1:15:33]} 9. Nc3
{[%clk 1:14:16]} Be7 {[%clk 1:11:21]} 10. h3 {[%clk 1:00:11]} O-O
{[%clk 1:09:11]} 11. e4 {[%clk 0:56:57]} Rc8 {[%clk 1:03:19]} 12. Be3
{[%clk 0:57:09]} Nb8 {[%clk 0:59:44]} 13. Rfd1 {[%clk 0:54:58]} Qe8
{[%clk 0:48:20]} 14. a4 {[%clk 0:30:29]} Nc6 {[%clk 0:35:09]} 15. e5
{[%clk 0:20:48]} Na5 {[%clk 0:26:15]} 16. Qf4 {[%clk 0:20:55]} Nd5
{[%clk 0:25:09]} 17. Nxd5 {[%clk 0:21:21]} exd5 {[%clk 0:24:58]} 18. Qg4
{[%clk 0:21:13]} f5 {[%clk 0:19:14]} 19. Qf4 {[%clk 0:15:45]} d4 {[%clk 0:15:34]}
20. Bc1 {[%clk 0:16:14]} Nb3 {[%clk 0:07:12]} 21. Rb1 {[%clk 0:15:21]} Qh5
{[%clk 0:05:49]} 22. h4 {[%clk 0:06:40]} h6 {[%clk 0:06:15]} 23. Re1
{[%clk 0:05:54]} Nxc1 {[%clk 0:06:11]} 24. Qxc1 {[%clk 0:03:09]} Bxf3
{[%clk 0:06:35]} 25. Qc4+ {[%clk 0:03:33]} Kh8 {[%clk 0:06:56]} 26. Qe6
{[%clk 0:03:57]} Rce8 {[%clk 0:06:32]} 27. Bh3 {[%clk 0:01:44]} Bxh4
{[%clk 0:06:21]} 0-1

[Event "EYCC 2024 - G16"]
[Site "?"]
[Date "2024.08.22"]
[Round "1.13"]
[White "Peglau, Charis"]
[Black "Jansone, Melanija Luize"]
[Result "1-0"]
[BlackElo "1755"]
[WhiteElo "2031"]
[LiveChessVersion "1.4.8"]

1. c4 {[%clk 1:30:57]} Nf6 {[%clk 1:30:10]} 2. Nc3 {[%clk 1:30:32]} c5
{[%clk 1:29:47]} 3. Nf3 {[%clk 1:30:46]} Nc6 {[%clk 1:28:34]} 4. g3
{[%clk 1:31:03]} g6 {[%clk 1:28:51]} 5. Bg2 {[%clk 1:31:29]} Bg7 {[%clk 1:29:10]}
6. O-O {[%clk 1:31:40]} O-O {[%clk 1:29:23]} 7. d4 {[%clk 1:31:47]} cxd4
{[%clk 1:28:42]} 8. Nxd4 {[%clk 1:32:11]} Nxd4 {[%clk 1:23:39]} 9. Qxd4
{[%clk 1:32:39]} d6 {[%clk 1:23:02]} 10. Bg5 {[%clk 1:30:41]} h6 {[%clk 1:19:27]}
11. Bxf6 {[%clk 1:30:57]} Bxf6 {[%clk 1:19:52]} 12. Qd2 {[%clk 1:31:23]} Bg7
{[%clk 1:19:17]} 13. Rfd1 {[%clk 1:31:17]} Bxc3 {[%clk 1:02:42]} 14. Qxc3
{[%clk 1:31:24]} Qc7 {[%clk 1:02:19]} 15. Rac1 {[%clk 1:30:31]} Bf5
{[%clk 1:00:04]} 16. Qe3 {[%clk 1:28:13]} Kh7 {[%clk 0:56:37]} 17. b3
{[%clk 1:21:00]} Rfc8 {[%clk 0:47:13]} 18. Bd5 {[%clk 1:19:52]} e6
{[%clk 0:46:27]} 19. Bg2 {[%clk 1:18:53]} e5 {[%clk 0:43:57]} 20. Rd5
{[%clk 1:12:07]} Be6 {[%clk 0:42:20]} 21. Rb5 {[%clk 1:04:34]} Rab8
{[%clk 0:36:18]} 22. Qxa7 {[%clk 1:03:54]} Ra8 {[%clk 0:34:11]} 23. Qxb7
{[%clk 1:04:10]} Rxa2 {[%clk 0:34:18]} 24. Qxc7 {[%clk 0:48:15]} Rxc7
{[%clk 0:34:44]} 25. Bf3 {[%clk 0:48:25]} Rb2 {[%clk 0:32:11]} 26. Kg2
{[%clk 0:45:16]} Rc5 {[%clk 0:27:54]} 27. Rxc5 {[%clk 0:35:13]} dxc5
{[%clk 0:28:22]} 28. Rc3 {[%clk 0:31:40]} Kg7 {[%clk 0:28:17]} 29. Re3
{[%clk 0:23:32]} Kf6 {[%clk 0:26:11]} 30. Bd5 {[%clk 0:16:02]} Bg4
{[%clk 0:13:35]} 31. f3 {[%clk 0:16:23]} Bf5 {[%clk 0:13:42]} 32. Be4
{[%clk 0:16:38]} Be6 {[%clk 0:12:44]} 33. Kf2 {[%clk 0:16:01]} Ke7
{[%clk 0:10:42]} 34. Bc6 {[%clk 0:11:30]} Kd6 {[%clk 0:09:27]} 35. Be8
{[%clk 0:10:34]} Ke7 {[%clk 0:08:54]} 36. Ba4 {[%clk 0:10:49]} Kf6
{[%clk 0:09:05]} 37. Rd3 {[%clk 0:10:36]} Ke7 {[%clk 0:08:41]} 38. Ke3
{[%clk 0:08:31]} Ra2 {[%clk 0:08:24]} 39. Rd2 {[%clk 0:07:57]} Ra3
{[%clk 0:08:25]} 40. Kd3 {[%clk 0:08:16]} Bf5+ {[%clk 0:07:54]} 41. Kc3
{[%clk 0:07:09]} Ra1 {[%clk 0:07:32]} 42. Rd5 {[%clk 0:06:59]} Rc1+
{[%clk 0:07:51]} 43. Kd2 {[%clk 0:07:21]} Rc2+ {[%clk 0:07:53]} 44. Kd1
{[%clk 0:07:13]} Ra2 {[%clk 0:06:56]} 45. Rxe5+ {[%clk 0:06:17]} Be6
{[%clk 0:06:41]} 46. Rxc5 {[%clk 0:06:27]} Kd6 {[%clk 0:06:57]} 47. Rc6+
{[%clk 0:05:44]} Ke5 {[%clk 0:06:48]} 48. Ke1 {[%clk 0:05:02]} Kd4
{[%clk 0:06:35]} 49. Kf2 {[%clk 0:04:51]} h5 {[%clk 0:06:25]} 50. Rd6+
{[%clk 0:04:52]} Kc5 {[%clk 0:06:40]} 51. Rd8 {[%clk 0:04:44]} Kb6
{[%clk 0:06:35]} 52. Rd6+ {[%clk 0:03:25]} Kc5 {[%clk 0:06:55]} 53. Rc6+
{[%clk 0:03:30]} Kd4 {[%clk 0:07:15]} 54. Rc7 {[%clk 0:03:30]} Rb2
{[%clk 0:06:36]} 55. Bd7 {[%clk 0:01:42]} Rxb3 {[%clk 0:06:19]} 56. Bxe6
{[%clk 0:02:07]} fxe6 {[%clk 0:06:44]} 57. Rg7 {[%clk 0:02:30]} 1-0

[Event "EYCC 2024 - G16"]
[Site "?"]
[Date "2024.08.22"]
[Round "1.14"]
[White "Hayrapetyan, Nvard"]
[Black "Kirtadze, Anastasia"]
[Result "1-0"]
[BlackElo "2029"]
[WhiteElo "1748"]
[LiveChessVersion "1.4.8"]

1. e4 {[%clk 1:30:57]} c5 {[%clk 1:30:55]} 2. Nc3 {[%clk 1:31:21]} e6
{[%clk 1:30:59]} 3. Nf3 {[%clk 1:31:45]} a6 {[%clk 1:30:35]} 4. d4
{[%clk 1:31:15]} cxd4 {[%clk 1:29:08]} 5. Nxd4 {[%clk 1:30:41]} b5
{[%clk 1:24:35]} 6. g3 {[%clk 1:30:18]} Bb7 {[%clk 1:24:02]} 7. Bg2
{[%clk 1:30:39]} Nc6 {[%clk 1:24:00]} 8. O-O {[%clk 1:28:08]} Nxd4
{[%clk 1:24:09]} 9. Qxd4 {[%clk 1:28:32]} Ne7 {[%clk 1:24:35]} 10. Bf4
{[%clk 1:18:45]} f6 {[%clk 1:24:18]} 11. Bd6 {[%clk 1:06:00]} Nc6
{[%clk 1:24:41]} 12. Qd2 {[%clk 1:06:14]} Bxd6 {[%clk 1:22:19]} 13. Qxd6
{[%clk 1:05:43]} Rc8 {[%clk 1:18:21]} 14. a4 {[%clk 0:57:19]} b4 {[%clk 1:14:13]}
15. Ne2 {[%clk 0:56:20]} Qe7 {[%clk 1:09:42]} 16. Rfd1 {[%clk 0:51:23]} Qxd6
{[%clk 0:59:18]} 17. Rxd6 {[%clk 0:51:49]} Ke7 {[%clk 0:57:18]} 18. Rad1
{[%clk 0:51:31]} Rc7 {[%clk 0:57:18]} 19. f4 {[%clk 0:46:12]} Rb8
{[%clk 0:48:46]} 20. b3 {[%clk 0:22:39]} Nd8 {[%clk 0:40:55]} 21. R1d2
{[%clk 0:19:14]} Rbc8 {[%clk 0:34:20]} 22. Kf2 {[%clk 0:17:21]} a5
{[%clk 0:30:34]} 23. Ke3 {[%clk 0:14:05]} f5 {[%clk 0:23:59]} 24. R6d3
{[%clk 0:01:13]} fxe4 {[%clk 0:11:25]} 25. Bxe4 {[%clk 0:01:30]} d5
{[%clk 0:05:56]} 26. Bxh7 {[%clk 0:01:37]} Ba6 {[%clk 0:06:17]} 27. Rd4
{[%clk 0:00:59]} Nc6 {[%clk 0:06:40]} 28. h4 {[%clk 0:01:18]} Bxe2
{[%clk 0:05:29]} 29. Rxe2 {[%clk 0:01:29]} Nxd4 {[%clk 0:05:28]} 30. Kxd4
{[%clk 0:01:58]} Kd6 {[%clk 0:03:56]} 31. Bd3 {[%clk 0:01:52]} Rc5
{[%clk 0:01:50]} 32. f5 {[%clk 0:00:50]} Re8 {[%clk 0:01:26]} 33. fxe6
{[%clk 0:01:09]} Rc3 {[%clk 0:01:06]} 34. Re5 {[%clk 0:01:28]} Rxe6
{[%clk 0:00:49]} 35. Rxd5+ {[%clk 0:01:50]} Ke7 {[%clk 0:00:38]} 36. Rxa5
{[%clk 0:02:12]} Rd6+ {[%clk 0:00:42]} 37. Ke4 {[%clk 0:02:10]} Re6+
{[%clk 0:00:37]} 38. Kf4 {[%clk 0:02:01]} Rc7 {[%clk 0:00:37]} 39. Rb5
{[%clk 0:02:17]} Kf6 {[%clk 0:00:35]} 40. Rxb4 {[%clk 0:02:26]} Rd6
{[%clk 0:00:54]} 41. g4 {[%clk 0:02:14]} Kf7 {[%clk 0:01:04]} 42. g5
{[%clk 0:02:01]} g6 {[%clk 0:00:59]} 43. a5 {[%clk 0:02:05]} Kg7 {[%clk 0:00:38]}
44. Re4 {[%clk 0:01:30]} Rf7+ {[%clk 0:00:39]} 45. Ke3 {[%clk 0:01:55]} Rc7
{[%clk 0:00:36]} 46. b4 {[%clk 0:02:17]} Rd5 {[%clk 0:00:39]} 47. a6
{[%clk 0:02:31]} Rd6 {[%clk 0:00:48]} 48. b5 {[%clk 0:02:54]} Kf7
{[%clk 0:00:47]} 49. Re5 {[%clk 0:02:44]} Rc3 {[%clk 0:00:43]} 50. Kd2
{[%clk 0:02:30]} Rc7 {[%clk 0:00:53]} 51. Re4 {[%clk 0:02:20]} Rcd7
{[%clk 0:00:41]} 52. Kc3 {[%clk 0:02:33]} Rc7+ {[%clk 0:00:46]} 53. Kb4
{[%clk 0:02:58]} Ra7 {[%clk 0:00:37]} 54. Kc5 {[%clk 0:03:19]} Rad7
{[%clk 0:00:49]} 55. Bc4+ {[%clk 0:03:30]} Kf8 {[%clk 0:00:49]} 56. b6
{[%clk 0:03:55]} Rd1 {[%clk 0:01:06]} 57. b7 {[%clk 0:04:15]} Rb1
{[%clk 0:01:23]} 58. Bb5 {[%clk 0:04:36]} Rc7+ {[%clk 0:01:46]} 59. Kb6
{[%clk 0:05:02]} 1-0

[Event "EYCC 2024 - G16"]
[Site "?"]
[Date "2024.08.22"]
[Round "1.15"]
[White "Rybackova, Lucie"]
[Black "Poetscher, Katharina"]
[Result "1-0"]
[BlackElo "1737"]
[WhiteElo "2024"]
[LiveChessVersion "1.4.8"]

1. Nf3 {[%clk 1:30:54]} Nf6 {[%clk 1:30:51]} 2. c4 {[%clk 1:31:15]} g6
{[%clk 1:31:14]} 3. g3 {[%clk 1:31:35]} Bg7 {[%clk 1:31:37]} 4. Bg2
{[%clk 1:31:54]} O-O {[%clk 1:31:59]} 5. O-O {[%clk 1:32:15]} d6 {[%clk 1:32:22]}
6. d4 {[%clk 1:32:38]} c5 {[%clk 1:31:44]} 7. Nc3 {[%clk 1:30:19]} cxd4
{[%clk 1:22:36]} 8. Nxd4 {[%clk 1:30:29]} Nbd7 {[%clk 1:17:04]} 9. h3
{[%clk 1:21:22]} Nb6 {[%clk 1:12:48]} 10. Qd3 {[%clk 1:08:12]} Rb8
{[%clk 1:05:14]} 11. e4 {[%clk 0:57:39]} a6 {[%clk 1:00:57]} 12. Be3
{[%clk 0:54:39]} e6 {[%clk 0:55:59]} 13. Nde2 {[%clk 0:48:26]} Qc7
{[%clk 0:51:18]} 14. b3 {[%clk 0:48:02]} Rd8 {[%clk 0:49:31]} 15. Rac1
{[%clk 0:45:12]} Nbd7 {[%clk 0:47:23]} 16. Rfd1 {[%clk 0:42:47]} Nc5
{[%clk 0:45:38]} 17. Qd2 {[%clk 0:41:12]} b6 {[%clk 0:40:10]} 18. Bf4
{[%clk 0:34:05]} Nb7 {[%clk 0:36:01]} 19. Kh2 {[%clk 0:27:13]} e5
{[%clk 0:34:07]} 20. Bg5 {[%clk 0:24:43]} Be6 {[%clk 0:28:40]} 21. Nd5
{[%clk 0:23:36]} Bxd5 {[%clk 0:28:39]} 22. cxd5 {[%clk 0:23:36]} Qd7
{[%clk 0:28:03]} 23. b4 {[%clk 0:21:13]} Rdc8 {[%clk 0:27:12]} 24. Be3
{[%clk 0:20:14]} Qd8 {[%clk 0:25:52]} 25. Rc6 {[%clk 0:19:27]} Nd7
{[%clk 0:21:13]} 26. Rdc1 {[%clk 0:18:15]} Qe8 {[%clk 0:20:06]} 27. Qc2
{[%clk 0:16:27]} Rd8 {[%clk 0:20:24]} 28. Bxb6 {[%clk 0:15:19]} Nxb6
{[%clk 0:20:45]} 29. Rxb6 {[%clk 0:15:43]} a5 {[%clk 0:20:44]} 30. a3
{[%clk 0:15:24]} axb4 {[%clk 0:19:05]} 31. axb4 {[%clk 0:15:53]} Rdc8
{[%clk 0:19:04]} 32. Rc6 {[%clk 0:16:15]} Rd8 {[%clk 0:19:21]} 33. Qc4
{[%clk 0:14:32]} h5 {[%clk 0:17:27]} 34. h4 {[%clk 0:14:38]} Kh7 {[%clk 0:17:19]}
35. Bh3 {[%clk 0:14:36]} Qf8 {[%clk 0:16:54]} 36. Ng1 {[%clk 0:13:11]} f5
{[%clk 0:16:06]} 37. exf5 {[%clk 0:12:53]} gxf5 {[%clk 0:16:20]} 38. Nf3
{[%clk 0:12:09]} Bh6 {[%clk 0:16:02]} 39. Rc7+ {[%clk 0:11:25]} Kh8
{[%clk 0:16:22]} 40. Ng5 {[%clk 0:11:23]} Bxg5 {[%clk 0:15:44]} 41. hxg5
{[%clk 0:11:44]} f4 {[%clk 0:12:12]} 42. Qe4 {[%clk 0:11:37]} fxg3+
{[%clk 0:12:17]} 43. fxg3 {[%clk 0:11:51]} 1-0

[Event "EYCC 2024 - G16"]
[Site "?"]
[Date "2024.08.22"]
[Round "1.16"]
[White "Zapalowska, Wiktoria"]
[Black "Petrenko, Maryna"]
[Result "1-0"]
[BlackElo "2020"]
[WhiteElo "1733"]
[LiveChessVersion "1.4.8"]

1. e4 {[%clk 1:30:58]} c6 {[%clk 1:30:55]} 2. d4 {[%clk 1:31:23]} d5
{[%clk 1:31:22]} 3. exd5 {[%clk 1:31:48]} cxd5 {[%clk 1:31:50]} 4. Bd3
{[%clk 1:31:55]} Nc6 {[%clk 1:32:14]} 5. c3 {[%clk 1:32:09]} Qc7 {[%clk 1:32:39]}
6. Ne2 {[%clk 1:31:49]} Bg4 {[%clk 1:32:59]} 7. O-O {[%clk 1:32:06]} Nf6
{[%clk 1:32:49]} 8. Qe1 {[%clk 1:31:04]} e6 {[%clk 1:30:34]} 9. f3
{[%clk 1:30:25]} Bh5 {[%clk 1:30:55]} 10. Bg5 {[%clk 1:26:31]} Bg6
{[%clk 1:25:29]} 11. Bf4 {[%clk 1:20:41]} Bd6 {[%clk 1:21:52]} 12. Bxd6
{[%clk 1:19:41]} Qxd6 {[%clk 1:22:13]} 13. Qd2 {[%clk 1:14:48]} a6
{[%clk 1:10:20]} 14. Na3 {[%clk 1:08:20]} O-O {[%clk 1:02:53]} 15. Bxg6
{[%clk 1:03:07]} hxg6 {[%clk 1:03:20]} 16. Nc2 {[%clk 1:01:55]} b5
{[%clk 1:02:26]} 17. Nf4 {[%clk 0:56:10]} Rfc8 {[%clk 0:57:36]} 18. Nd3
{[%clk 0:52:22]} a5 {[%clk 0:53:53]} 19. a3 {[%clk 0:40:09]} Nd7 {[%clk 0:49:16]}
20. Rfc1 {[%clk 0:33:59]} Nb6 {[%clk 0:36:56]} 21. Qe2 {[%clk 0:30:54]} Nd7
{[%clk 0:31:02]} 22. Re1 {[%clk 0:26:35]} Re8 {[%clk 0:29:14]} 23. Ne5
{[%clk 0:23:17]} Ncxe5 {[%clk 0:26:52]} 24. dxe5 {[%clk 0:23:40]} Qb6+
{[%clk 0:27:10]} 25. Qe3 {[%clk 0:21:25]} Rec8 {[%clk 0:26:09]} 26. Qxb6
{[%clk 0:20:06]} Nxb6 {[%clk 0:26:37]} 27. Nd4 {[%clk 0:19:53]} Na4
{[%clk 0:23:15]} 28. Rab1 {[%clk 0:18:00]} Rab8 {[%clk 0:23:32]} 29. Rec1
{[%clk 0:15:34]} Nc5 {[%clk 0:17:29]} 30. Rc2 {[%clk 0:11:11]} Nd3
{[%clk 0:12:54]} 31. Re2 {[%clk 0:09:41]} b4 {[%clk 0:09:27]} 32. cxb4
{[%clk 0:07:47]} axb4 {[%clk 0:09:52]} 33. Rd1 {[%clk 0:04:05]} bxa3
{[%clk 0:07:04]} 34. bxa3 {[%clk 0:04:16]} Nc5 {[%clk 0:05:21]} 35. Rc2
{[%clk 0:02:48]} Na4 {[%clk 0:02:46]} 36. Nc6 {[%clk 0:01:52]} Kh7
{[%clk 0:03:14]} 37. Rd4 {[%clk 0:01:36]} Rb1+ {[%clk 0:00:40]} 38. Kf2
{[%clk 0:01:51]} Nc5 {[%clk 0:00:32]} 39. Rh4+ {[%clk 0:02:03]} Kg8
{[%clk 0:00:57]} 40. Ne7+ {[%clk 0:02:24]} Kf8 {[%clk 0:01:23]} 41. Nxc8 1-0